[Event "HZ Open"]
[Site "Vlissingen NED"]
[Date "2006.08.12"]
[Round "9"]
[White "Roktim,B"]
[Black "Rosmuller,A"]
[Result "0-1"]
[WhiteElo "2365"]
[BlackElo "2122"]
[EventDate "2006.08.05"]

1. d4 Nf6 2. c4 e6 3. Nc3 Bb4 4. e3 b6 5. Nge2 c5 6. a3 Ba5 7. Rb1 Na6 8.
Ng3 Bb7 9. Bd3 Bxc3+ 10. bxc3 h5 11. h4 Bxg2 12. Rg1 Bb7 13. e4 d6 14. Bg5
Qc7 15. a4 Nb8 16. Bxf6 gxf6 17. d5 Nd7 18. f4 O-O-O 19. Be2 f5 20. Nxh5
fxe4 21. Kf2 exd5 22. cxd5 e3+ 23. Kf1 Rde8 24. Rg5 Rxh5 25. Rxh5 Nf6 26.
Bb5 e2+ 27. Bxe2 Nxh5 28. Bxh5 Ba6+ 29. Kg1 Qe7 30. Qg4+ Kb8 31. Qg3 Qe4
32. Rd1 Qh7 33. f5 Kc7 34. Re1 Rxe1+ 35. Qxe1 Qxf5 36. Qe7+ Qd7 37. Qxd7+
Kxd7 38. Bxf7 Ke7 39. Be6 b5 40. axb5 Bxb5 41. Kf2 a5 42. Ke3 a4 43. Kd2 a3
44. Kc2 Bc4 45. h5 Kf6 46. Kb1 Kg7 47. Ka1 Kf6 48. Kb1 Be2 49. h6 Bc4 50.
Bg8 Kg6 51. h7 Kg7 52. Kc2 Kh8 53. Kb1 Bd3+ 54. Ka2 Bxh7 55. Be6 Kg7 56.
Kxa3 Kf6 57. Kb2 Ke5 58. Kc1 Be4 59. Kd2 Bxd5 60. Bg4 Be4 61. Be2 d5 62.
Ba6 Kd6 63. Bf1 Kc6 64. Be2 Kb6 65. Bd1 Ka5 66. Be2 Ka4 67. Ba6 c4 68. Bb7
Bg2 0-1